000 00444cam a22001934a 4500
005 20250605164326.0
008 250528s ||||||||||||||||||||||||d
035 _a23045
020 _a9780582014350
040 _aGR-AtMCL
_bgre
_dGR-AtMCL
_eAACR2
245 1 _aTOURIST DEVELOPMENT
250 _a2
260 _bLongman,
_c1989
300 _a341
700 1 _aPearce Douglas
_93452
942 _cBK
999 _c8085
_d8085